000 00742nam a2200229Ii 4500
003 JO-AjNU
008 230605s9999||||xx |||||||||||||| ||und||
017 _a2010/6/1948
020 _a978-9957-16-636-6
040 _aJO-AjNU
_bara
_erda
_cJO-AjNU
041 _aara
050 1 4 _aKMM126.D38.2015
100 3 _a الداودي ، غالب علي ,
_eauthor
_931244
245 0 0 _aشرح قانون العمل " دراسة مقارنة "
250 _aط2
264 3 1 _aعمان : دار الثقافة ، 2010
300 _a336ص
336 _atext
_btxt
_2rdacontent
337 _aunmediated
_bn
_2rdamedia
338 _avolume
_bnc
_2rdacarrier
650 4 _aقانون العمل -- تشريعات العمل -- الأردن
_931245
999 _aA12476
_c16044
_d16044